书目信息 |
| 题名: |
摄影丛刊
|
|
| 作者: | ;上海人民美术出版社 编 | |
| 分册: | 5 | |
| 出版信息: | 上海 上海人民美术出版社 1980.12 |
|
| 页数: | 94页 | |
| 开本: | 19cm | |
| 丛书名: | ||
| 单 册: | ||
| 中图分类: | TB82 | |
| 科图分类: | ||
| 主题词: | 拍摄 | |
| 电子资源: | ||
| ISBN: | ||
| 000 | 00584nam0 2200205 45 | |
| 001 | 0203261305 | |
| 005 | 20031219104109.5 | |
| 010 | @dCNY0.78 | |
| 091 | @a8081.12183 | |
| 100 | @a20020326d1980 km y0chiy0120 ea | |
| 101 | @achi | |
| 105 | @a z 000yy | |
| 200 | 1 | @a摄影丛刊@h5@AShe Ying Cong Kan@f上海人民美术出版社编@FShang Hai Ren Min Mei Shu Chu Ban She Bian |
| 210 | @a上海@c上海人民美术出版社@d1980.12 | |
| 215 | @a94页@c彩图@d19cm | |
| 606 | 0 | @a拍摄 |
| 690 | @aTB82@v3 | |
| 711 | 02 | @a上海人民美术出版社@4编 |
| 801 | @aCN@bTSTC@c20030417 | |
| 905 | @dTB82@e27:5@f1@b37842 | |
| 摄影丛刊.5/上海人民美术出版社编.-上海:上海人民美术出版社,1980.12 |
| 94页:彩图;19cm |
| ISBN :CNY0.78 |
| ● |
| 相关链接 |
|
|
|
|
正题名:摄影丛刊
索取号:TB82/27:5
 
预约/预借
| 序号 | 登录号 | 条形码 | 馆藏地/架位号 | 状态 | 备注 |
| 1 | 0037842 | 001789318 | 密集书库/ [索取号:TB82/27:5] | 在馆 | |
| 2 | 0037843 | 202333787 | 密集书库/ [索取号:TB82/27:5] | 在馆 | |
| 3 | 0037844 | 202334125 | 密集书库/ [索取号:TB82/27:5] | 在馆 |